| 000 | 00000nas 2200000za 4500 |
| 001 | 9.860257 |
| 003 | CaOODSP |
| 005 | 20221107160439 |
| 007 | cr ||||||||||| |
| 008 | 180808d19671967oncar p oss f0###a0fre|d |
| 022 | |y0833-5729 |
| 040 | |aCaOODSP|bfre |
| 041 | 0 |afre |
| 043 | |an-cn--- |
| 086 | 1 |aCS13-534F-PDF |
| 245 | 00|aRépartition du revenu au Canada selon la taille du revenue |h[ressource électronique] / |cBureau federal de la statistique, Service des recherches sur les finances des consommateurs. |
| 260 | |aOttawa : |bBureau federal de la statistique, |c1971. |
| 300 | |a1 v. |
| 310 | |aAnnuel|b |
| 362 | 0 |a1967. |
| 500 | |aPublié dans une version bilingue sous le titre: Income distributions by size in Canada, 1969- |
| 500 | |aÉdition numérisée de l’imprimé [par Statistique Canada]. |
| 580 | |aAbsorbé par : Income distributions by size in Canada. |
| 692 | 07|2gccst|aRevenu familial |
| 710 | 1 |aCanada.|bBureau fédéral de la statistique. |bService de recherche sur les finances des consommateurs. |
| 785 | 00|tIncome distributions by size in Canada |w(CaOODSP)9.860249 |